Law Enforcement (Police) Alphabet - Statistics

General Stats
  • This quiz has been taken 77 times
  • The average score is 14 of 26
Answer Stats
Hint Answer % Correct
A Adam
87%
B Boy
70%
X X-Ray
67%
C Charles
63%
D David
63%
J John
57%
H Henry
53%
Q Queen
53%
Z Zebra
53%
E Edward
50%
F Frank
50%
G George
50%
K King
50%
L Lincoln
50%
R Robert
50%
V Victor
50%
W William
50%
I Ida
47%
M Mary
47%
N Nora
47%
P Paul
47%
S Sam
47%
T Tom
47%
O Ocean
43%
U Union
43%
Y Young
43%
No matching quizzes found
Score Distribution
Percent of People with Each Score
Percentile by Number Answered
Your Score History
You have not taken this quiz